LEADER 01730nam a2200337 u 4500 001 000000014659 003 CaOOAMICUS 005 20070226105806.0 008 941214s1994 it u000 u ita u 020 $a88-15-04710-7 035 $a10345231 040 $aPUL(R)$bita 041 1 $aita$hger 100 1 $aMommsen, Theodor,$d1817-1903.$0(OLS)http://pul/name/4019 240 10$aGrundrechte des deutschen Volkes.$lItaliano.$0(OLS)http://pul/title/21051 245 12$aI diritti fondamentali del popolo tedesco :$bcommento alla Costituzione del 1848 /$cTheodor Mommsen ; a cura di Gabriella Valera. 260 $aBologna :$bIl Mulino,$c1994. 300 $aci, 143 p. ;$c19 cm 490 1 $aTesti storici, filosofici e letterari ;$v3 504 $aComprende indicazioni bibliografiche. 610 14$aGermania.$kCostituzione.$0(OLS)http://pul/subject/10242 650 4$aDiritto costituzionale$zGermania (repubblica federale, 1949- )$xStoria e critica.$0(OLS)http://pul/subject/10243 700 1 $aValera, Gabriella,$d1946-$0(OLS)http://pul/name/13582 710 2 $aIstituto italiano per gli studi storici.$0(OLS)http://pul/name/13583 830 0$aTesti storici, filosofici e letterari (Istituto italiano per gli studi storici) ;$v3.$0(OLS)http://pul/title/21053 850 $aPUL 852 $aPUL$W1$xDP1 Altre Collocazioni$y17$mSenza collocazione$j12$nBK-PRI$b $qStampati$B20574$CPULBib$Z2$F20574 $H $81 941 1 $a8 996 $6020$a88-15-04710-7$9(OLS)http://pul/number/18613 996 $6245$aI diritti fondamentali del popolo tedesco :$bcommento alla Costituzione del 1848$9(OLS)http://pul/title/21052 996 $6260$aBologna :$bIl Mulino$9(OLS)http://pul/publisher/47928 LEADER 01585nam a2200349 a 4500 001 000000165969 003 CaOOAMICUS 005 20220705172858.0 008 180216s2017 it b u000 u ita r 020 $a978-88-394-0908.9* 032 $aLibriCat 040 $aPUL$bita 041 1 $aita$hspa 130 0 $aBiblia en su entorno.$lItaliano.$0(OLS)http://pul/title/41865 245 13$aLa Bibbia nel suo contesto /$cIgnacio Carbajosa, Joaquin Gonzalez Echegaray, Francisco Varo. 260 $aBrescia :$bPaideia,$cİ2017$aTorino :$bClaudiana 300 $a480 p. :$bc. geogr. ;$c23 cm. 490 1 $aNuova introduzione allo studio della Bibbia ;$v01 504 $aInclude indici e riferimenti bibliografici. 630 04$aBiblia$xStoria.$0(OLS)http://pul/subject/7231 700 1 $aVaro, Francisco.$0(OLS)http://pul/name/94211 700 1 $aCarbajosa, Ignacio,$csac.,$d1967-$0(OLS)http://pul/name/64959 700 1 $aGonza?lez Echegaray, Joaqui?n P.$0(OLS)http://pul/name/94210 830 0$aNuova introduzione allo studio della Bibbia ;$v01.$0(OLS)http://pul/title/205679 850 $aPUL 852 $aPUL$W1$xSL Religione 1$y3$m1 C 113.1$j190464$qStampati$B193355$CPULBib$Z2$F193355 $H130295 $81 941 1 $a8 996 $6020$a978-88-394-0908.9*$9(OLS)http://pul/number/163513 996 $6245$aLa Bibbia nel suo contesto$9(OLS)http://pul/title/41866 996 $6260$aBrescia :$bPaideia$9(OLS)http://pul/publisher/47884 996 $6260$aTorino :$bClaudiana$9(OLS)http://pul/publisher/48072